000 00461nam a2200157 i 4500
001 79251
003 ES-MaACL
005 20230906173934.0
007 t|
008 041020s1947 sp ||||1| spa d
245 0 0 _aHeridas vasculares /
_cpor P. Piulachs... [et al.].
260 _aBarcelona :
_bCientífico Médica,
_c1947 (
_fHorta)
300 _a194 p. :
_bil. ;
_c22 cm.
700 1 _aPiulachs Oliva, Pedro (
_d1908-1976)
_992436
852 _aES-MaACL
_jB-1903
999 _c79251
_d79251